[Event "Absoluto (ch)"]
[Site "Uruguay"]
[Date "2010.04.15"]
[Round "6"]
[White "Lopez, Nicolas"]
[Black "Larrea, Manuel"]
[Result "1/2-1/2"]
[WhiteElo "2284"]
[BlackElo "2426"]
[Annotator "MF Jose Riverol"]
[PlyCount "77"]
[EventDate "2010.04.??"]
[EventType "team"]
[EventRounds "11"]
[EventCountry "URU"]
[SourceDate "2010.04.10"]

1. e4 c5 2. Nf3 Nc6 3. d4 cxd4 4. Nxd4 Nf6 5. Nc3 d6 6. Bg5 e6 7. Qd2 a6 8.
O-O-O Bd7 9. f3 Be7 10. Be3 h5 11. Kb1 b5 12. Bd3 Ne5 {1:22} 13. h3 {1:28} b4
14. Nce2 d5 15. exd5 Nxd5 16. Nf4 Nxf4 17. Bxf4 Nxd3 18. Qxd3 {0:54} h4 {0:56}
19. Rhe1 {0:54} Rh5 20. Qe4 Rc8 $2 21. Nxe6 $1 Bxe6 (21... fxe6 22. Qg6+) 22.
Rxd8+ Rxd8 23. Be5 (23. Qc6+ Kf8 24. Qxa6 Rhd5) 23... Rg5 {0:47} 24. f4 {0:12}
Bd5 25. Qe3 (25. Qh7 $5) 25... Rg3 26. Qa7 Be4 27. b3 (27. Bc7 $5 Rd2 28. Qb8+
Kd7 29. Ba5) 27... f5 $1 {0:42} 28. Qxa6 {0:06} (28. Re2) 28... Rxg2 $44 29.
Rxe4 fxe4 30. Qc6+ Kf8 31. Qxe4 Rd1+ 32. Kb2 Rgg1 33. a4 bxa3+ 34. Ka2 Rde1 35.
Qf5+ Ke8 36. Qc8+ Kf7 37. Qf5+ Ke8 38. Qc8+ (38. Bc3 $5 Rc1 39. b4 Rg3 40. Bd4)
38... Kf7 39. Qf5+ 1/2-1/2

[Event "Absoluto (ch)"]
[Site "Uruguay"]
[Date "2010.04.15"]
[Round "6"]
[White "Rodriguez, Andres"]
[Black "Gonzalez, Nahuel"]
[Result "1/2-1/2"]
[WhiteElo "2499"]
[BlackElo "2274"]
[Annotator "MF Jose Riverol"]
[PlyCount "77"]
[EventDate "2010.04.??"]
[EventType "team"]
[EventRounds "11"]
[EventCountry "URU"]
[SourceDate "2010.04.10"]

1. e4 e6 2. Qe2 c5 3. g3 Nc6 4. Bg2 g6 5. c3 Bg7 6. h4 h6 7. d3 Nge7 8. f4 d6 {
1:22} 9. h5 {1:24} e5 10. hxg6 fxg6 11. f5 gxf5 12. Qh5+ Kf8 13. Na3 Qe8 14.
Qf3 Be6 15. Nh3 Kg8 {1:08} 16. O-O {1:08} Qg6 17. Bd2 Rf8 18. Qe3 Kh7 19. Nb5
Bc8 20. Kh2 Rhg8 {0:39} 21. Rf3 {0:56} f4 22. gxf4 exf4 23. Nxf4 (23. Qf2 Ne5)
23... Rxf4 (23... Be5) 24. Rxf4 Be5 (24... Bxc3) 25. Qf2 Qh5+ 26. Kg1 Bh3 27.
Rf7+ Kh8 28. Rf8 Bh2+ $1 29. Kf1 Bxg2+ 30. Ke1 Rxf8 31. Qxf8+ Ng8 32. Be3 Be5
33. Kd2 Qh2 34. Rg1 Bxe4+ 35. Kc1 Bd5 (35... Bg2) 36. Rg6 $1 Kh7 37. Qf5 Kh8
38. Qf8 Kh7 39. Qf5 1/2-1/2

[Event "Absoluto (ch)"]
[Site "Uruguay"]
[Date "2010.04.15"]
[Round "7"]
[White "Donatti, Alvaro"]
[Black "Rodriguez, Santiago"]
[Result "0-1"]
[WhiteElo "2325"]
[BlackElo "2327"]
[Annotator "MF Jose Riverol"]
[PlyCount "58"]
[EventDate "2010.04.??"]
[EventType "team"]
[EventRounds "11"]
[EventCountry "URU"]
[SourceDate "2010.04.10"]

1. e4 c5 2. Nf3 Nc6 3. d4 cxd4 4. Nxd4 e5 5. Nb5 d6 6. N1c3 a6 7. Na3 b5 8. Nd5
Nce7 9. c4 Nxd5 10. cxd5 Nf6 11. Bd3 Be7 12. O-O O-O 13. Nc2 Bg4 14. f3 Bd7 15.
Qe2 Nh5 16. g3 g6 17. Bh6 Re8 18. Nb4 Bg5 19. Bxg5 Qxg5 20. Kh1 Rec8 21. a4
bxa4 22. Bxa6 Rc5 23. Nc6 $2 Rxa6 $1 $19 24. f4 $1 (24. Qxa6 Nxg3+ (24... Rc2)
25. hxg3 Rc2) 24... exf4 (24... Qh6) (24... Nxg3+) 25. b4 axb3 26. Rxa6 Rc2 27.
Qf3 Nxg3+ $1 28. Kg1 Nxf1+ 29. Kxf1 Rc1+ (29... Rc1+ 30. Ke2 Bg4) 0-1

[Event "Absoluto (ch)"]
[Site "Uruguay"]
[Date "2010.04.15"]
[Round "7"]
[White "Larrea, Manuel"]
[Black "Rodriguez, Andres"]
[Result "1/2-1/2"]
[WhiteElo "2426"]
[BlackElo "2499"]
[Annotator "MF Jose Riverol"]
[PlyCount "76"]
[EventDate "2010.04.??"]
[EventType "team"]
[EventRounds "11"]
[EventCountry "URU"]
[SourceDate "2010.04.10"]

1. e4 c5 2. Nf3 a6 3. c3 d5 4. exd5 Qxd5 5. d4 Nf6 6. Nbd2 cxd4 7. Bc4 Qd6 8.
Qb3 e6 9. a4 dxc3 10. bxc3 Qc7 11. O-O Nc6 {1:20} 12. Bd3 {1:06} Na5 13. Qc2
Bd7 14. c4 Rc8 15. Bb2 Nc6 16. Qb3 Be7 17. Rfe1 O-O 18. Rac1 Rfd8 19. Bb1 Be8
20. Qc2 Nb4 21. Qc3 {0:27} a5 {1:00} 22. Re4 {0:27} Nbd5 {1:00} 23. Qc2 Nxe4
24. Qxe4 Nf6 25. Qh4 Bc6 26. Be5 Qd7 27. g4 Ne4 28. g5 f6 29. gxf6 Bxf6 30. Qh3
Bxe5 {0:36} 31. Nxe4 {0:04} Bf4 $2 (31... Qe7 32. Nxe5 Bxe4 $1) 32. Nc5 $1 Qd6
33. Qxh7+ Kf8 34. Qh8+ Kf7 35. Qh5+ Kg8 36. Qh7+ Kf8 37. Qh8+ Kf7 38. Qh5+ Kg8
1/2-1/2

[Event "Absoluto (ch)"]
[Site "Uruguay"]
[Date "2010.04.15"]
[Round "7"]
[White "Roselli, Bernardo"]
[Black "Lopez, Nicolas"]
[Result "1-0"]
[WhiteElo "2487"]
[BlackElo "2284"]
[Annotator "MF Jose Riverol"]
[PlyCount "117"]
[EventDate "2010.04.??"]
[EventType "team"]
[EventRounds "11"]
[EventCountry "URU"]
[SourceDate "2010.04.10"]

1. d4 Nf6 2. Nf3 g6 3. c4 Bg7 4. Nc3 O-O 5. g3 d6 6. Bg2 Nc6 7. O-O a6 8. Qd3
Bf5 9. e4 Bg4 10. d5 Nb4 11. Qd2 Bxf3 12. Bxf3 a5 13. b3 e5 14. Bb2 Nd7 15. a3
Na6 16. Bd1 f5 17. exf5 gxf5 18. Bc2 Qe8 19. f4 Qh5 20. Rae1 Rae8 21. Nd1 Nac5
22. Qg2 e4 23. Bxg7 Kxg7 24. Qd2 b6 25. b4 axb4 26. axb4 Nd3 27. Bxd3 exd3 28.
Qxd3 Nf6 29. Ne3 Ne4 30. Re2 Kf7 31. Rfe1 Qf3 32. Rf1 Qh5 33. Ng2 $6 (33. Kg2)
33... Nc5 34. bxc5 Rxe2 35. cxb6 cxb6 36. Nh4 Ra8 37. Rf2 Ra1+ 38. Kg2 Raa2 39.
Rxe2 Qxe2+ 40. Qxe2 Rxe2+ 41. Kf3 Rxh2 42. Nxf5 Rc2 43. Nxd6+ Ke7 44. Nf5+ Kd7
45. Ne3 Rc1 46. g4 Kd6 47. Ke4 Re1 48. g5 Rh1 49. Kd4 Rh2 50. Nf5+ Kd7 51. Ke4
Rc2 52. Ne3 Rh2 53. Ng4 Rc2 54. Kd3 Rg2 55. Nf6+ Kd6 56. Nxh7 Kc5 57. f5 Rg3+
58. Ke4 Kxc4 59. f6 1-0

[Event "Absoluto (ch)"]
[Site "Uruguay"]
[Date "2010.04.15"]
[Round "7"]
[White "Michailov, Mathias"]
[Black "Izquierdo, Daniel"]
[Result "0-1"]
[WhiteElo "2218"]
[BlackElo "2396"]
[Annotator "MF Jose Riverol"]
[PlyCount "86"]
[EventDate "2010.04.??"]
[EventType "team"]
[EventRounds "11"]
[EventCountry "URU"]
[SourceDate "2010.04.10"]

1. Nf3 d5 2. g3 Nf6 3. Bg2 Bf5 4. O-O e6 5. d3 h6 6. Nbd2 Be7 7. b3 {1:18} Bh7
{0:48} 8. Bb2 O-O 9. Qe1 c5 10. Ne5 Nbd7 11. e4 Nxe5 12. Bxe5 Qa5 13. Qe2 Rad8
14. f4 Rfe8 15. g4 dxe4 16. Nxe4 Nxe4 17. Bxe4 Bxe4 18. Qxe4 Qb4 19. Rfe1 Qxe4
20. Rxe4 Rd7 21. a4 Red8 22. a5 a6 23. Raa4 Rd5 24. Kg2 R8d7 25. Kg3 Bd6 26. h4
Kh7 27. Bc3 Bc7 28. Kf3 h5 29. g5 Kg6 30. Rac4 Rf5 31. Kg3 Rdd5 32. Bd2 e5 33.
Kg2 exf4 34. Bxf4 Bxa5 35. Re7 b5 36. Rce4 Rd4 37. Kf3 Bd2 38. Rxd4 cxd4 39.
Re4 Bxf4 40. Rxf4 f6 41. gxf6 Kxf6 42. Ke4 Rxf4+ 43. Kxf4 b4 (43... a5) 0-1

[Event "Absoluto (ch)"]
[Site "Uruguay"]
[Date "2010.04.15"]
[Round "8"]
[White "Rodriguez, Andres"]
[Black "Roselli, Bernardo"]
[Result "1-0"]
[WhiteElo "2499"]
[BlackElo "2487"]
[Annotator "MF Jose Riverol"]
[PlyCount "53"]
[EventDate "2010.04.??"]
[EventType "team"]
[EventRounds "11"]
[EventCountry "URU"]
[SourceDate "2010.04.10"]

1. d4 d5 2. c4 e6 3. Nc3 Nf6 4. cxd5 exd5 5. Bg5 Be7 6. e3 c6 7. Bd3 O-O 8. Qc2
Nbd7 9. Nge2 Re8 10. O-O {1:32} Nf8 {1:20} 11. f3 Nh5 12. Bxe7 Qxe7 13. e4 dxe4
14. fxe4 Qg5 15. e5 {1:27} f6 {0:42} 16. Ne4 Qe3+ 17. Kh1 Bg4 18. Qb3+ Kh8 19.
Nd6 Re7 20. Rae1 {1:15} Qd2 {0:14} 21. Qa3 $1 Rc7 22. Bc4 b5 23. h3 $1 $18 Bxe2
(23... bxc4 24. hxg4) 24. Bxe2 Qg5 (24... Nf4 25. Ne4) 25. Bxh5 Qxh5 26. e6 (
26. exf6) 26... Ng6 27. Rf5 1-0

[Event "Absoluto (ch)"]
[Site "Uruguay"]
[Date "2010.04.15"]
[Round "8"]
[White "Donatti, Alvaro"]
[Black "Gonzalez, Nahuel"]
[Result "1-0"]
[WhiteElo "2325"]
[BlackElo "2274"]
[Annotator "MF Jose Riverol"]
[PlyCount "115"]
[EventDate "2010.04.??"]
[EventType "team"]
[EventRounds "11"]
[EventCountry "URU"]
[SourceDate "2010.04.10"]

1. c4 e5 2. g3 Nf6 3. Bg2 Nc6 4. e4 Bc5 5. Nc3 d6 6. Nge2 Be6 7. Nd5 Nd4 8.
Nxd4 Bxd4 9. d3 c6 10. Ne3 {1:05} Qd7 {1:03} 11. Rb1 Bh3 12. Bf3 O-O 13. Rg1
Bxe3 14. Bxe3 Ng4 15. Bxg4 Bxg4 16. f3 Be6 17. g4 {0:25} d5 {0:24} 18. b3 Rfd8
19. Ke2 Qe7 20. Qc2 {0:14} Rd7 {0:19} 21. Rbd1 Qh4 22. Bf2 Qxh2 23. cxd5 cxd5
24. Rc1 dxe4 25. dxe4 Rad8 26. Rcd1 Qf4 27. Be3 {0:02} Qh2+ {0:12} 28. Bf2 Rd4
29. Qc7 Rd2+ 30. Rxd2 Rxd2+ 31. Kxd2 Qxf2+ 32. Kc3 Qxf3+ 33. Kb2 h6 34. Rc1
Qxe4 35. Qb8+ Kh7 36. Qxa7 b5 37. Qc5 b4 38. a4 bxa3+ 39. Kxa3 Bxg4 40. b4 Qa8+
41. Kb2 Be6 42. b5 Qa2+ 43. Kc3 Qb3+ 44. Kd2 e4 45. Rc3 Qa2+ 46. Rc2 Qa5+ 47.
Rc3 Qd8+ 48. Kc1 f5 49. b6 f4 (49... Bd5) 50. b7 e3 51. Rc2 Qb8 52. Qc7 e2 53.
Kd2 Qa7 54. b8=Q Qf2 $4 (54... Qe3+ 55. Ke1 Qg1+ 56. Kxe2 Qg2+ 57. Kd3 Qf3+ 58.
Kd2 Qe3+ 59. Kd1 Qg1+ $11) 55. Qxg7+ $1 Kxg7 56. Qe5+ Kf7 57. Rc7+ Kg6 58. Rg7#
1-0

[Event "Absoluto (ch)"]
[Site "Uruguay"]
[Date "2010.04.17"]
[Round "10"]
[White "Rodriguez, Santiago"]
[Black "Muniz, Rafael"]
[Result "1-0"]
[WhiteElo "2327"]
[BlackElo "2228"]
[Annotator "MF Jose Riverol"]
[PlyCount "49"]
[EventDate "2010.04.??"]
[EventType "team"]
[EventRounds "11"]
[EventCountry "URU"]
[SourceDate "2010.04.10"]

1. e4 c5 2. Nc3 d6 3. f4 Nc6 4. Nf3 g6 5. Bc4 Bg7 6. O-O Nf6 7. d3 O-O 8. Qe1
Nd4 9. Nxd4 cxd4 10. Nd5 Nxd5 11. Bxd5 Qc7 12. f5 Qxc2 13. Rf3 e6 14. Bb3 Qc5
15. f6 Bh8 16. Qh4 h5 17. Bf4 a5 18. Rc1 Qb6 19. Qg5 a4 20. Rh3 Qd8 (20... Ra5
21. e5 axb3 22. Rxh5 bxa2 23. Rxh8+ Kxh8 24. Qh6+) 21. e5 $1 dxe5 22. Bxe5 Ra5
(22... Kh7 23. Bd1) 23. Rxh5 $1 Qxf6 24. Bxf6 Bxf6 25. Qxa5 1-0

[Event "Absoluto (ch)"]
[Site "Uruguay"]
[Date "2010.04.17"]
[Round "10"]
[White "Lopez, Nicolas"]
[Black "Izquierdo, Daniel"]
[Result "1-0"]
[WhiteElo "2284"]
[BlackElo "2396"]
[Annotator "MF Jose Riverol"]
[PlyCount "253"]
[EventDate "2010.04.??"]
[EventType "team"]
[EventRounds "11"]
[EventCountry "URU"]
[SourceDate "2010.04.10"]

1. d4 Nf6 2. c4 e6 3. Nc3 d5 4. cxd5 exd5 5. Bg5 c6 6. e3 Bf5 7. Qf3 Bg6 8.
Bxf6 Qxf6 9. Qxf6 gxf6 10. Kd2 {1:09} Nd7 {1:00} 11. Nge2 Bd6 12. Ng3 f5 13.
Nge2 Nf6 14. f3 h5 15. h4 Kd7 16. Nf4 Rae8 17. Bd3 Re7 18. Rae1 Rhe8 19. g3 Kc7
20. Re2 b6 21. Rc1 Kb7 22. Ree1 Bh7 23. Re2 Rg8 24. Rg1 Bc7 25. Ke1 b5 26. Kf2
a6 27. Nb1 Bb6 28. Rc1 Rge8 29. Nd2 Bg6 30. Nb3 Nd7 31. Bb1 {0:10} a5 {0:23}
32. Rce1 a4 33. Nc1 Ba5 34. Rd1 Nb6 35. b3 axb3 36. axb3 Nd7 37. Ncd3 Bb6 38.
Rdd2 Bc7 39. Rc2 Bb6 40. Ra2 Bc7 41. Rac2 Bb6 42. Ra2 Nb8 43. Nb4 Nd7 44. Nbd3
Nf8 45. Rac2 Ne6 46. Nxe6 {0:06} Rxe6 {0:15} 47. f4 f6 48. Ra2 {=} R6e7 49. Kf3
Bf7 50. Rac2 Be6 51. Ra2 {0:01} Bd7 {0:10} 52. b4 Bc8 53. Rac2 Rg7 54. Rg2 Ree7
55. Ra2 Kb8 56. Bc2 Rg8 57. Bb3 Bb7 58. Rac2 Re4 59. Nc5 Bc8 60. Nxe4 fxe4+ 61.
Kf2 Kb7 62. Rb2 Bd7 63. Rg1 Kb8 64. Ra1 Bc8 65. Bd1 Rh8 66. Be2 Bc7 67. Ke1 Bd6
68. Kd2 Rh7 69. Kc3 Rg7 70. Rg1 Rh7 71. Ra2 f5 72. Rga1 Bb7 73. Kb3 Be7 74. Rc1
Rh6 75. Rac2 Bd8 76. Rc5 Be7 77. R5c2 Rh7 78. Bf1 Rg7 79. Rg2 Ka7 80. Be2 Rh7
81. Rgg1 Kb6 82. Bf1 Bd6 83. Bh3 Bc8 84. Ra1 Bb8 85. Ra8 Kb7 86. Ra2 Bd7 87.
Bf1 Rg7 88. Be2 Be8 89. Kc3 Bd6 90. Rga1 Rxg3 (90... Bb8) 91. Ra7+ Kc8 92. Rh7
Rxe3+ 93. Kd2 Rh3 94. Ra8+ Bb8 95. Rh8 Kb7 96. Rxb8+ Kxb8 97. Rxe8+ Kc7 98. Re5
Rxh4 99. Rxf5 Kd6 100. Rf6+ Ke7 101. Rxc6 Rxf4 102. Rh6 h4 103. Ke3 Rf8 104.
Rxh4 Ra8 105. Rh7+ Kd6 106. Rb7 Ra3+ 107. Kf2 Ke6 108. Rxb5 Kf5 109. Rb8 Ke6
110. Rd8 Rb3 111. b5 Kf5 112. Rf8+ Ke6 113. Rh8 Kd6 114. Rc8 Rb4 {0:02} 115.
Rd8+ {0:03} Kc7 116. Rxd5 Kb6 117. Ke3 Rb2 118. Rd6+ Kc7 119. Re6 Kd7 120. Rxe4
Rb3+ 121. Bd3 Kd6 122. Re5 Rb2 123. Rh5 Rg2 124. Rh6+ Kd7 125. d5 Kc7 126. Kd4
Rg7 127. Rh7 1-0

[Event "Absoluto (ch)"]
[Site "Uruguay"]
[Date "2010.04.17"]
[Round "10"]
[White "Rodriguez, Andres"]
[Black "Michailov, Mathias"]
[Result "1-0"]
[WhiteElo "2499"]
[BlackElo "2218"]
[Annotator "MF Jose Riverol"]
[PlyCount "41"]
[EventDate "2010.04.??"]
[EventType "team"]
[EventRounds "11"]
[EventCountry "URU"]
[SourceDate "2010.04.10"]

1. d4 Nf6 2. Bg5 d5 3. Bxf6 exf6 4. e3 Bd6 5. c4 dxc4 6. Bxc4 O-O 7. Nc3 f5 8.
Qf3 c6 9. Nge2 Nd7 10. Bd3 g6 11. h4 Nf6 12. O-O-O Qc7 13. Kb1 b5 14. Rc1 Bb7
15. e4 {1:21} Nxe4 16. Nxe4 fxe4 17. Bxe4 Rac8 18. h5 Rfe8 19. Nc3 Bf4 (19...
Qb6 20. hxg6 hxg6 21. Qf6) 20. hxg6 fxg6 21. Nd5 1-0

[Event "Absoluto (ch)"]
[Site "Uruguay"]
[Date "2010.04.17"]
[Round "10"]
[White "Gonzalez, Nahuel"]
[Black "Larrea, Manuel"]
[Result "0-1"]
[WhiteElo "2274"]
[BlackElo "2426"]
[Annotator "MF Jose Riverol"]
[PlyCount "60"]
[EventDate "2010.04.??"]
[EventType "team"]
[EventRounds "11"]
[EventCountry "URU"]
[SourceDate "2010.04.10"]

1. d4 Nf6 2. Bg5 d5 3. Bxf6 exf6 4. e3 Bd6 5. Bd3 O-O 6. Nd2 f5 7. Ngf3 (7. Qf3
) 7... Be6 8. c3 Nd7 9. Qc2 Qf6 10. h3 g6 11. O-O-O c5 12. dxc5 Nxc5 13. Nd4 {
1:09} a6 {1:17} 14. g4 fxg4 15. hxg4 Qxf2 16. Nxe6 Nxe6 17. e4 d4 18. Rdf1 Qe3
19. Rf3 Qg5 20. Rfh3 dxc3 21. bxc3 Be5 22. Rxh7 Rac8 23. c4 Rfd8 24. Kb1 Qe3
25. R7h3 Qb6+ 26. Nb3 a5 27. Qd2 Nf4 28. Rf3 a4 29. Rxf4 axb3 30. a4 Qd4 $1 0-1

[Event "Absoluto (ch)"]
[Site "Uruguay"]
[Date "2010.04.18"]
[Round "11"]
[White "Crosa, Martin"]
[Black "Donatti, Alvaro"]
[Result "1-0"]
[WhiteElo "2498"]
[BlackElo "2325"]
[PlyCount "75"]
[EventDate "2010.04.??"]
[EventType "team"]
[EventRounds "11"]
[EventCountry "URU"]
[SourceDate "2010.04.10"]

1. g3 c5 2. Bg2 Nc6 3. d3 d5 4. Nd2 e5 5. e4 {1:27} d4 {1:27} 6. a4 Nf6 7. Nc4
Be7 8. Nf3 Qc7 9. O-O Bg4 10. h3 Be6 {1:19} 11. b3 {1:11} h6 12. Bd2 O-O 13.
Nh4 Qd7 14. Kh2 Nh7 15. Qh5 Nf6 16. Qe2 Nh7 17. Nf5 Rfe8 18. a5 Bf8 19. g4 Qc7
20. f4 g6 21. Ng3 Bxc4 22. bxc4 exf4 23. Bxf4 Bd6 24. Bxd6 Qxd6 25. Qf2 Ne5 26.
Kg1 Re6 27. Ne2 Rf6 28. Qh4 Ng5 29. Rxf6 Qxf6 30. Qg3 Qd6 31. Nf4 Kg7 32. Rf1
Ne6 33. Nd5 Nxc4 34. Qxd6 Nxd6 35. e5 Nb5 (35... Ne8) 36. Nf6 Nc3 $4 $138 (
36... Rb8) 37. a6 Rb8 (37... Nd8 38. axb7 Rb8 39. Nd7 Rxb7 40. Bxb7 Nxb7) 38.
Nd7 1-0